Normal view
MARC view
- SUPERVISOR Assistant Professor Dr. Raja Amer Azim
Entry Personal Name
001 - CONTROL NUMBER
- control field: 71521
003 - CONTROL NUMBER IDENTIFIER
- control field: NUST
005 - DATE AND TIME OF LATEST TRANSACTION
- control field: 20210628204638.0
008 - FIXED-LENGTH DATA ELEMENTS
- fixed length control field: 210628|| aca||aabn | a|a d
040 ## - CATALOGING SOURCE
- Original cataloging agency: NUST
- Transcribing agency: NUST
100 ## - HEADING--PERSONAL NAME
- Personal name: SUPERVISOR Assistant Professor Dr. Raja Amer Azim
670 ## - SOURCE DATA FOUND
- Source citation: Work cat.: (NUST): PC Ali Hassan NC Syed Mustansar ASC Ajdar Aneeq Malik 71519, PR-SOF-1797-VEHICLE BLACK BOX AND HEADING REFERENCE SYSTEM, 2019
